[Event "Baku Chess Olympiad | Open"]
[Site "chess24.com"]
[Date "2016.09.12"]
[Round "10"]
[White "Gonzalez Vidal, Yuri"]
[Black "Shishkov, Andrei"]
[Result "1-0"]
[Board "4"]
[WhiteID "3503321"]
[WhiteElo "2553"]
[WhiteTitle "GM"]
[WhiteCountry "CUB"]
[WhiteFideId "3503321"]
[WhiteEloChange "3"]
[BlackID "4500563"]
[BlackElo "2368"]
[BlackTitle "FM"]
[BlackCountry "EST"]
[BlackFideId "4500563"]
[BlackEloChange "-5"]

1. e4 {[%clk 1:30:57]} d5 {[%clk 1:30:55]} 2. exd5 {[%clk 1:30:20]} Nf6 {[%clk
1:31:22]} 3. Bb5+ {[%clk 1:29:56]} Bd7 {[%clk 1:31:47]} 4. Bc4 {[%clk 1:29:58]}
Bg4 {[%clk 1:32:03]} 5. f3 {[%clk 1:29:29]} Bc8 {[%clk 1:32:15]} 6. Nc3 {[%clk
1:29:11]} Nbd7 {[%clk 1:32:39]} 7. Nge2 {[%clk 1:24:15]} Nb6 {[%clk 1:32:48]} 8.
Bb3 {[%clk 1:23:40]} Nbxd5 {[%clk 1:31:13]} 9. Nxd5 {[%clk 1:23:38]} Nxd5 {[%clk
1:31:41]} 10. d4 {[%clk 1:23:44]} e6 {[%clk 1:30:59]} 11. O-O {[%clk 1:22:46]}
Be7 {[%clk 1:30:39]} 12. c4 {[%clk 1:22:26]} Nf6 {[%clk 1:30:27]} 13. Be3 {[%clk
1:18:39]} O-O {[%clk 1:30:32]} 14. Nc3 {[%clk 1:18:20]} b6 {[%clk 1:25:18]} 15.
Qe2 {[%clk 1:16:30]} Ba6 {[%clk 1:21:11]} 16. Qf2 {[%clk 1:14:50]} c6 {[%clk
1:18:33]} 17. Rfd1 {[%clk 1:10:22]} Qc7 {[%clk 1:15:44]} 18. d5 {[%clk 0:57:30]}
Bd6 {[%clk 0:52:32]} 19. Qh4 {[%clk 0:54:18]} cxd5 {[%clk 0:39:50]} 20. cxd5
{[%clk 0:54:33]} Bc5 {[%clk 0:37:01]} 21. Bxc5 {[%clk 0:39:26]} Qxc5+ {[%clk
0:37:25]} 22. Kh1 {[%clk 0:39:43]} exd5 {[%clk 0:33:44]} 23. Nxd5 {[%clk
0:39:41]} Nxd5 {[%clk 0:33:18]} 24. Rxd5 {[%clk 0:39:54]} Qc6 {[%clk 0:28:21]}
25. Qf4 {[%clk 0:16:06]} Rac8 {[%clk 0:23:23]} 26. Rd4 {[%clk 0:15:09]} Qc7
{[%clk 0:17:24]} 27. Qd2 {[%clk 0:13:04]} Rfd8 {[%clk 0:13:30]} 28. Re1 {[%clk
0:12:10]} Bb5 {[%clk 0:04:14]} 29. Rxd8+ {[%clk 0:07:47]} Qxd8 {[%clk 0:02:29]}
30. Qb4 {[%clk 0:07:04]} Be8 {[%clk 0:02:41]} 31. h3 {[%clk 0:05:46]} g6 {[%clk
0:01:48]} 32. Qf4 {[%clk 0:03:43]} Kg7 {[%clk 0:01:38]} 33. Re4 {[%clk 0:02:26]}
Qf6 {[%clk 0:01:33]} 34. Qe3 {[%clk 0:02:33]} Qc6 {[%clk 0:00:45]} 35. Kh2 {[%clk
0:02:27]} a5 {[%clk 0:00:37]} 36. f4 {[%clk 0:02:03]} Kf8 {[%clk 0:00:35]} 37.
Rc4 {[%clk 0:02:05]} Qb7 {[%clk 0:00:35]} 38. Rxc8 {[%clk 0:02:16]} Qxc8 {[%clk
0:01:04]} 39. Qxb6 {[%clk 0:02:38]} a4 {[%clk 0:01:23]} 40. Bxa4 {[%clk 0:32:26]}
Bxa4 {[%clk 0:30:32]} 41. Qb4+ {[%clk 0:32:46]} Kg8 {[%clk 0:29:59]} 42. Qxa4
{[%clk 0:33:06]} h5 {[%clk 0:30:06]} 43. Qd4 {[%clk 0:29:39]} Qc1 {[%clk
0:30:18]} 44. b4 {[%clk 0:26:21]} Qe1 {[%clk 0:27:23]} 45. f5 {[%clk 0:18:11]}
gxf5 {[%clk 0:24:53]} 46. b5 {[%clk 0:15:12]} h4 {[%clk 0:24:53]} 47. Qf4 {[%clk
0:15:06]} 1-0

[Event "Baku Chess Olympiad | Open"]
[Site "chess24.com"]
[Date "2016.09.12"]
[Round "10"]
[White "Kasimdzhanov, Rustam"]
[Black "Nisipeanu, Liviu-Dieter"]
[Result "1/2-1/2"]
[Board "1"]
[WhiteID "14200244"]
[WhiteElo "2696"]
[WhiteTitle "GM"]
[WhiteCountry "UZB"]
[WhiteFideId "14200244"]
[BlackID "1202758"]
[BlackElo "2687"]
[BlackTitle "GM"]
[BlackCountry "GER"]
[BlackFideId "1202758"]

1. e4 {[%clk 1:30:54]} c6 {[%clk 1:30:50]} 2. d4 {[%clk 1:31:18]} d5 {[%clk
1:31:15]} 3. e5 {[%clk 1:31:44]} Bf5 {[%clk 1:31:41]} 4. Nf3 {[%clk 1:32:09]} e6
{[%clk 1:32:07]} 5. Be2 {[%clk 1:32:34]} Ne7 {[%clk 1:32:33]} 6. O-O {[%clk
1:32:56]} c5 {[%clk 1:32:55]} 7. c4 {[%clk 1:33:16]} Nbc6 {[%clk 1:31:51]} 8.
dxc5 {[%clk 1:33:55]} dxc4 {[%clk 1:30:42]} 9. Bxc4 {[%clk 1:33:39]} Ng6 {[%clk
1:20:12]} 10. Be3 {[%clk 1:33:35]} Be7 {[%clk 1:19:27]} 11. Nc3 {[%clk 1:33:51]}
O-O {[%clk 1:19:38]} 12. Be2 {[%clk 1:33:42]} Qb8 {[%clk 1:17:55]} 13. Nd2 {[%clk
1:26:59]} Rd8 {[%clk 1:08:06]} 14. f4 {[%clk 1:25:23]} Nd4 {[%clk 1:01:27]} 15.
Nce4 {[%clk 1:00:02]} Bxe4 {[%clk 0:49:08]} 16. Nxe4 {[%clk 1:00:19]} Nf3+ {[%clk
0:49:35]} 17. Bxf3 {[%clk 0:57:31]} Rxd1 {[%clk 0:50:00]} 18. Rfxd1 {[%clk
0:48:55]} Nh4 {[%clk 0:48:44]} 19. Be2 {[%clk 0:32:05]} g5 {[%clk 0:35:09]} 20.
Nd6 {[%clk 0:18:52]} gxf4 {[%clk 0:34:00]} 21. Bxf4 {[%clk 0:14:19]} Ng6 {[%clk
0:24:59]} 22. Bg3 {[%clk 0:12:57]} Qc7 {[%clk 0:25:24]} 23. Rac1 {[%clk 0:11:02]}
Bh4 {[%clk 0:25:43]} 24. Bxh4 {[%clk 0:10:08]} Nxh4 {[%clk 0:26:08]} 25. Bh5
{[%clk 0:09:11]} Rf8 {[%clk 0:25:35]} 26. b4 {[%clk 0:09:27]} Qc6 {[%clk
0:23:25]} 27. Rd2 {[%clk 0:09:27]} Qa4 {[%clk 0:23:21]} 28. Rc4 {[%clk 0:04:50]}
Ng6 {[%clk 0:23:13]} 29. Bd1 {[%clk 0:03:57]} Qa3 {[%clk 0:21:11]} 30. Bb3 {[%clk
0:03:48]} Nxe5 {[%clk 0:20:12]} 31. Re4 {[%clk 0:03:58]} Qc1+ {[%clk 0:11:44]}
32. Rd1 {[%clk 0:04:23]} Qg5 {[%clk 0:11:44]} 33. Rf1 {[%clk 0:02:57]} b6 {[%clk
0:09:12]} 34. h4 {[%clk 0:01:04]} Qg3 {[%clk 0:08:25]} 35. Nxf7 {[%clk 0:00:32]}
Nxf7 {[%clk 0:05:03]} 1/2-1/2

[Event "Baku Chess Olympiad | Open"]
[Site "chess24.com"]
[Date "2016.09.12"]
[Round "10"]
[White "Bluebaum, Matthias"]
[Black "Vakhidov, Jahongir"]
[Result "1-0"]
[Board "2"]
[WhiteID "24651516"]
[WhiteElo "2626"]
[WhiteTitle "GM"]
[WhiteCountry "GER"]
[WhiteFideId "24651516"]
[WhiteEloChange "4"]
[BlackID "14201801"]
[BlackElo "2583"]
[BlackTitle "GM"]
[BlackCountry "UZB"]
[BlackFideId "14201801"]
[BlackEloChange "-4"]

1. d4 {[%clk 1:30:56]} d5 {[%clk 1:30:33]} 2. c4 {[%clk 1:31:18]} e6 {[%clk
1:30:44]} 3. Nf3 {[%clk 1:29:44]} Nf6 {[%clk 1:30:47]} 4. g3 {[%clk 1:28:44]}
Bb4+ {[%clk 1:30:49]} 5. Nbd2 {[%clk 1:27:41]} O-O {[%clk 1:29:55]} 6. Bg2 {[%clk
1:28:00]} dxc4 {[%clk 1:26:01]} 7. Qc2 {[%clk 1:26:37]} c5 {[%clk 1:23:52]} 8.
dxc5 {[%clk 1:26:45]} c3 {[%clk 1:22:10]} 9. bxc3 {[%clk 1:26:57]} Bxc5 {[%clk
1:22:35]} 10. Nb3 {[%clk 1:18:05]} Bd6 {[%clk 1:18:15]} 11. O-O {[%clk 1:15:18]}
Qe7 {[%clk 1:10:56]} 12. Nfd4 {[%clk 1:08:18]} a6 {[%clk 1:08:51]} 13. Rb1 {[%clk
0:56:11]} Qc7 {[%clk 1:02:19]} 14. c4 {[%clk 0:50:33]} Bd7 {[%clk 0:53:18]} 15.
Bd2 {[%clk 0:39:03]} Nc6 {[%clk 0:51:09]} 16. Nxc6 {[%clk 0:37:21]} Bxc6 {[%clk
0:51:02]} 17. Bxc6 {[%clk 0:37:08]} Qxc6 {[%clk 0:24:47]} 18. Na5 {[%clk
0:33:22]} Qe4 {[%clk 0:25:07]} 19. Qd3 {[%clk 0:27:53]} b6 {[%clk 0:06:04]} 20.
Rxb6 {[%clk 0:17:41]} Bc7 {[%clk 0:06:30]} 21. Rc6 {[%clk 0:13:53]} Rfc8 {[%clk
0:05:51]} 22. Rc1 {[%clk 0:12:37]} Qe5 {[%clk 0:02:05]} 23. Nb3 {[%clk 0:08:57]}
Qh5 {[%clk 0:02:34]} 24. Qf3 {[%clk 0:07:39]} Qxf3 {[%clk 0:03:03]} 25. exf3
{[%clk 0:08:04]} Nd7 {[%clk 0:03:29]} 26. Ba5 {[%clk 0:06:11]} Bxa5 {[%clk
0:03:54]} 27. Nxa5 {[%clk 0:06:37]} Rxc6 {[%clk 0:03:35]} 28. Nxc6 {[%clk
0:07:06]} Kf8 {[%clk 0:03:57]} 29. Kf1 {[%clk 0:05:33]} Rc8 {[%clk 0:04:07]} 30.
Na5 {[%clk 0:05:59]} Nc5 {[%clk 0:03:49]} 31. Ke2 {[%clk 0:05:19]} Rb8 {[%clk
0:03:47]} 32. Rd1 {[%clk 0:04:23]} Ke8 {[%clk 0:03:40]} 33. Ke3 {[%clk 0:04:08]}
Rb2 {[%clk 0:02:24]} 34. Rd2 {[%clk 0:03:58]} Rb1 {[%clk 0:02:02]} 35. Kd4 {[%clk
0:03:13]} Nd7 {[%clk 0:02:06]} 36. Nb3 {[%clk 0:03:14]} g5 {[%clk 0:02:00]} 37.
c5 {[%clk 0:03:08]} Nb8 {[%clk 0:02:28]} 38. Kc3 {[%clk 0:01:50]} Rh1 {[%clk
0:02:54]} 39. Rd6 {[%clk 0:01:38]} Rxh2 {[%clk 0:03:04]} 40. c6 {[%clk 0:31:11]}
Nxc6 {[%clk 0:33:10]} 41. Rxc6 {[%clk 0:31:37]} Rxf2 {[%clk 0:33:30]} 42. Nd2
{[%clk 0:31:13]} h5 {[%clk 0:32:22]} 43. Rxa6 {[%clk 0:30:15]} Kf8 {[%clk
0:31:21]} 44. a4 {[%clk 0:23:35]} Rg2 {[%clk 0:28:46]} 45. a5 {[%clk 0:19:01]} h4
{[%clk 0:23:52]} 46. gxh4 {[%clk 0:19:21]} gxh4 {[%clk 0:24:21]} 47. Ra8+ {[%clk
0:14:20]} Kg7 {[%clk 0:24:00]} 48. Rb8 {[%clk 0:14:35]} Rg5 {[%clk 0:20:12]} 49.
Nc4 {[%clk 0:12:56]} h3 {[%clk 0:17:13]} 50. Rb1 {[%clk 0:12:04]} 1-0

[Event "Baku Chess Olympiad | Open"]
[Site "chess24.com"]
[Date "2016.09.12"]
[Round "10"]
[White "Filippov, Anton"]
[Black "Buhmann, Rainer"]
[Result "1-0"]
[Board "3"]
[WhiteID "14200988"]
[WhiteElo "2582"]
[WhiteTitle "GM"]
[WhiteCountry "UZB"]
[WhiteFideId "14200988"]
[WhiteEloChange "6"]
[BlackID "4651340"]
[BlackElo "2640"]
[BlackTitle "GM"]
[BlackCountry "GER"]
[BlackFideId "4651340"]
[BlackEloChange "-6"]

1. e4 {[%clk 1:30:57]} e5 {[%clk 1:30:53]} 2. Nf3 {[%clk 1:31:21]} Nc6 {[%clk
1:31:18]} 3. Bb5 {[%clk 1:27:26]} a6 {[%clk 1:31:19]} 4. Ba4 {[%clk 1:24:39]} Nf6
{[%clk 1:31:20]} 5. d3 {[%clk 1:25:00]} d6 {[%clk 1:30:45]} 6. c4 {[%clk
1:21:17]} g6 {[%clk 1:27:51]} 7. Nc3 {[%clk 1:20:22]} Bg7 {[%clk 1:28:07]} 8. Nd5
{[%clk 1:20:22]} Nd7 {[%clk 1:10:10]} 9. Bg5 {[%clk 1:14:27]} f6 {[%clk 1:09:24]}
10. Be3 {[%clk 1:13:19]} O-O {[%clk 0:52:36]} 11. O-O {[%clk 1:06:25]} Kh8 {[%clk
0:38:09]} 12. Re1 {[%clk 0:56:50]} Rf7 {[%clk 0:27:19]} 13. h3 {[%clk 0:46:35]}
Nc5 {[%clk 0:24:34]} 14. Bxc5 {[%clk 0:46:15]} dxc5 {[%clk 0:24:59]} 15. Bxc6
{[%clk 0:46:41]} bxc6 {[%clk 0:25:24]} 16. Nc3 {[%clk 0:47:05]} Rd7 {[%clk
0:22:50]} 17. Qa4 {[%clk 0:45:33]} Rb8 {[%clk 0:14:30]} 18. Qxc6 {[%clk 0:42:33]}
Rxd3 {[%clk 0:05:46]} 19. Rad1 {[%clk 0:19:24]} Rd6 {[%clk 0:05:57]} 20. Rxd6
{[%clk 0:19:50]} Qxd6 {[%clk 0:01:57]} 21. Qe8+ {[%clk 0:19:01]} Qf8 {[%clk
0:02:20]} 22. Qxf8+ {[%clk 0:18:50]} Bxf8 {[%clk 0:02:49]} 23. Rd1 {[%clk
0:15:12]} Bd6 {[%clk 0:03:03]} 24. b3 {[%clk 0:15:24]} Kg7 {[%clk 0:03:25]} 25.
Ne1 {[%clk 0:15:24]} Bd7 {[%clk 0:02:43]} 26. Nd3 {[%clk 0:14:40]} Bc6 {[%clk
0:03:06]} 27. f3 {[%clk 0:14:56]} Kf7 {[%clk 0:03:11]} 28. Kf2 {[%clk 0:14:58]}
Ke6 {[%clk 0:03:01]} 29. Ke3 {[%clk 0:13:15]} h5 {[%clk 0:02:43]} 30. Nd5 {[%clk
0:12:35]} a5 {[%clk 0:01:28]} 31. Nc3 {[%clk 0:12:36]} f5 {[%clk 0:01:19]} 32.
Rg1 {[%clk 0:09:11]} h4 {[%clk 0:01:07]} 33. Re1 {[%clk 0:09:01]} Ra8 {[%clk
0:00:52]} 34. Kd2 {[%clk 0:07:33]} f4 {[%clk 0:00:47]} 35. Kc2 {[%clk 0:06:59]}
Rb8 {[%clk 0:00:55]} 36. Rb1 {[%clk 0:05:49]} Kd7 {[%clk 0:01:10]} 37. Rd1 {[%clk
0:04:14]} Ke6 {[%clk 0:01:08]} 38. Nb2 {[%clk 0:04:31]} Ke7 {[%clk 0:00:56]} 39.
Nba4 {[%clk 0:04:53]} Ke6 {[%clk 0:00:50]} 40. Kb2 {[%clk 0:34:56]} Ke7 {[%clk
0:30:40]} 41. Ka3 {[%clk 0:34:51]} Bxa4 {[%clk 0:10:47]} 42. Nxa4 {[%clk
0:30:06]} c6 {[%clk 0:10:06]} 43. Rd3 {[%clk 0:28:35]} Rb4 {[%clk 0:09:56]} 44.
Rd2 {[%clk 0:28:09]} Rb8 {[%clk 0:10:18]} 45. Nb2 {[%clk 0:28:24]} Kd7 {[%clk
0:10:15]} 46. Nd3 {[%clk 0:27:01]} Kc7 {[%clk 0:10:41]} 47. Nf2 {[%clk 0:27:11]}
Ra8 {[%clk 0:08:56]} 48. Ng4 {[%clk 0:27:07]} Rb8 {[%clk 0:08:10]} 49. Nh6 {[%clk
0:27:11]} Rf8 {[%clk 0:08:17]} 50. Ka4 {[%clk 0:27:10]} Be7 {[%clk 0:08:23]} 51.
Ka3 {[%clk 0:25:54]} Bd6 {[%clk 0:08:14]} 52. Kb2 {[%clk 0:26:18]} Be7 {[%clk
0:08:10]} 53. Ng4 {[%clk 0:25:27]} Bd6 {[%clk 0:08:35]} 54. Kc3 {[%clk 0:24:16]}
Rb8 {[%clk 0:08:26]} 55. Nf6 {[%clk 0:24:26]} Ra8 {[%clk 0:07:59]} 56. Kb2 {[%clk
0:22:53]} Rb8 {[%clk 0:08:04]} 57. Rd1 {[%clk 0:18:35]} Ra8 {[%clk 0:08:24]} 58.
Kc2 {[%clk 0:18:27]} Rb8 {[%clk 0:08:41]} 59. Ng4 {[%clk 0:18:46]} Ra8 {[%clk
0:07:57]} 60. Nf2 {[%clk 0:19:12]} Rb8 {[%clk 0:08:15]} 61. Nd3 {[%clk 0:19:33]}
Ra8 {[%clk 0:08:01]} 62. a3 {[%clk 0:19:37]} Rd8 {[%clk 0:02:40]} 63. Ra1 {[%clk
0:19:11]} Ra8 {[%clk 0:02:11]} 64. Rb1 {[%clk 0:19:03]} Rd8 {[%clk 0:01:31]} 65.
b4 {[%clk 0:13:10]} cxb4 {[%clk 0:01:53]} 66. c5 {[%clk 0:13:32]} Be7 {[%clk
0:02:09]} 67. axb4 {[%clk 0:13:55]} axb4 {[%clk 0:02:28]} 68. Rxb4 {[%clk
0:13:28]} Ra8 {[%clk 0:01:12]} 69. Nxe5 {[%clk 0:11:56]} Bxc5 {[%clk 0:00:53]}
70. Rc4 {[%clk 0:10:44]} Kd6 {[%clk 0:01:03]} 71. Nxg6 {[%clk 0:10:54]} Ra2+
{[%clk 0:00:42]} 72. Kb3 {[%clk 0:10:57]} Rxg2 {[%clk 0:00:34]} 73. Nxh4 {[%clk
0:09:51]} Rf2 {[%clk 0:00:32]} 74. Nf5+ {[%clk 0:10:14]} 1-0

[Event "Baku Chess Olympiad | Open"]
[Site "chess24.com"]
[Date "2016.09.12"]
[Round "10"]
[White "Fridman, Daniel"]
[Black "Dzhumaev, Marat"]
[Result "0-1"]
[Board "4"]
[WhiteID "11600454"]
[WhiteElo "2618"]
[WhiteTitle "GM"]
[WhiteCountry "GER"]
[WhiteFideId "11600454"]
[WhiteEloChange "-7"]
[BlackID "14200236"]
[BlackElo "2450"]
[BlackTitle "GM"]
[BlackCountry "UZB"]
[BlackFideId "14200236"]
[BlackEloChange "7"]

1. d4 {[%clk 1:30:57]} Nf6 {[%clk 1:30:30]} 2. Nf3 {[%clk 1:31:08]} e6 {[%clk
1:29:53]} 3. c4 {[%clk 1:31:32]} c5 {[%clk 1:29:38]} 4. g3 {[%clk 1:29:13]} cxd4
{[%clk 1:28:35]} 5. Nxd4 {[%clk 1:29:37]} Qc7 {[%clk 1:28:56]} 6. b3 {[%clk
1:26:14]} Bb4+ {[%clk 1:07:34]} 7. Bd2 {[%clk 1:23:09]} Bc5 {[%clk 1:07:53]} 8.
e3 {[%clk 1:16:23]} Nc6 {[%clk 0:55:37]} 9. Bc3 {[%clk 1:05:53]} e5 {[%clk
0:27:22]} 10. Nc2 {[%clk 0:58:07]} h5 {[%clk 0:27:09]} 11. Bg2 {[%clk 0:49:11]}
h4 {[%clk 0:23:41]} 12. Nd2 {[%clk 0:47:42]} d6 {[%clk 0:23:15]} 13. a3 {[%clk
0:24:05]} Bg4 {[%clk 0:20:12]} 14. Bf3 {[%clk 0:23:28]} Qd7 {[%clk 0:13:46]} 15.
Qe2 {[%clk 0:13:27]} hxg3 {[%clk 0:10:26]} 16. fxg3 {[%clk 0:13:52]} Bxf3 {[%clk
0:08:18]} 17. Qxf3 {[%clk 0:14:14]} d5 {[%clk 0:08:32]} 18. O-O-O {[%clk
0:05:56]} O-O-O {[%clk 0:08:45]} 19. cxd5 {[%clk 0:04:38]} Nxd5 {[%clk 0:05:51]}
20. Ne4 {[%clk 0:04:54]} Qc7 {[%clk 0:03:48]} 21. Kb2 {[%clk 0:01:52]} Bb6 {[%clk
0:03:03]} 22. Rd3 {[%clk 0:02:08]} Kb8 {[%clk 0:02:41]} 23. h4 {[%clk 0:02:06]}
Nxc3 {[%clk 0:02:01]} 24. Rxc3 {[%clk 0:01:46]} Qe7 {[%clk 0:02:22]} 25. Rd1
{[%clk 0:01:41]} Rxd1 {[%clk 0:02:34]} 26. Qxd1 {[%clk 0:02:10]} f5 {[%clk
0:01:50]} 27. Ng5 {[%clk 0:00:50]} e4 {[%clk 0:01:53]} 28. Qd5 {[%clk 0:00:53]}
Qe5 {[%clk 0:00:33]} 29. Qxe5+ {[%clk 0:00:48]} Nxe5 {[%clk 0:00:59]} 30. Ne1
{[%clk 0:00:42]} Rd8 {[%clk 0:01:06]} 31. Kc2 {[%clk 0:01:11]} Rd6 {[%clk
0:00:59]} 32. Ng2 {[%clk 0:00:47]} Nf3 {[%clk 0:01:05]} 33. Nf4 {[%clk 0:00:46]}
a6 {[%clk 0:00:36]} 34. Kc1 {[%clk 0:00:48]} Ne5 {[%clk 0:00:50]} 35. Kc2 {[%clk
0:01:00]} Ka7 {[%clk 0:00:38]} 36. b4 {[%clk 0:00:56]} Ng4 {[%clk 0:00:41]} 37.
Ng2 {[%clk 0:01:18]} Nh2 {[%clk 0:00:46]} 38. Nf7 {[%clk 0:00:45]} Rg6 {[%clk
0:00:53]} 39. Ng5 {[%clk 0:01:11]} Nf1 {[%clk 0:01:09]} 40. g4 {[%clk 0:31:32]}
Rd6 {[%clk 0:31:01]} 41. Kc1 {[%clk 0:14:05]} fxg4 {[%clk 0:09:26]} 42. Nxe4
{[%clk 0:13:42]} Re6 {[%clk 0:09:47]} 43. Nc5 {[%clk 0:11:25]} Rf6 {[%clk
0:08:02]} 44. Kd1 {[%clk 0:10:03]} Ng3 {[%clk 0:05:54]} 45. Nf4 {[%clk 0:09:12]}
Nf5 {[%clk 0:05:43]} 46. Ng2 {[%clk 0:07:35]} Nd6 {[%clk 0:04:43]} 47. Nf4 {[%clk
0:05:06]} Rf5 {[%clk 0:03:30]} 48. Nce6 {[%clk 0:03:35]} Re5 {[%clk 0:03:19]} 49.
Nxg7 {[%clk 0:01:08]} Bxe3 {[%clk 0:03:39]} 50. Nge6 {[%clk 0:01:29]} Nf5 {[%clk
0:02:24]} 51. Rc8 {[%clk 0:00:56]} g3 {[%clk 0:02:04]} 52. Rf8 {[%clk 0:00:43]}
Nxh4 {[%clk 0:01:41]} 53. a4 {[%clk 0:00:46]} Rxe6 {[%clk 0:00:42]} 54. Nxe6
{[%clk 0:01:01]} g2 {[%clk 0:01:07]} 55. Rg8 {[%clk 0:01:27]} g1Q+ {[%clk
0:01:31]} 56. Rxg1 {[%clk 0:01:51]} Bxg1 {[%clk 0:01:58]} 57. Kc2 {[%clk
0:02:08]} Nf5 {[%clk 0:02:07]} 58. Kc3 {[%clk 0:02:29]} Nd6 {[%clk 0:02:32]} 59.
Nf4 {[%clk 0:02:19]} Kb6 {[%clk 0:02:48]} 60. Nd3 {[%clk 0:01:31]} Kc6 {[%clk
0:02:45]} 61. Nf4 {[%clk 0:01:49]} Be3 {[%clk 0:02:48]} 62. Ng2 {[%clk 0:01:31]}
Bg5 {[%clk 0:03:07]} 63. Ne1 {[%clk 0:01:56]} Kd5 {[%clk 0:03:28]} 64. Nc2 {[%clk
0:02:14]} Ke4 {[%clk 0:03:42]} 65. Ne1 {[%clk 0:02:16]} Bf6+ {[%clk 0:04:00]} 66.
Kb3 {[%clk 0:02:40]} Bd4 {[%clk 0:03:42]} 67. Nc2 {[%clk 0:03:03]} Bg1 {[%clk
0:03:39]} 68. Kc3 {[%clk 0:03:08]} Bf2 {[%clk 0:04:04]} 69. Kd2 {[%clk 0:03:34]}
Bd4 {[%clk 0:04:23]} 70. Na3 {[%clk 0:03:54]} Bb2 {[%clk 0:04:38]} 71. Nc2 {[%clk
0:04:18]} Nc4+ {[%clk 0:04:46]} 72. Ke2 {[%clk 0:04:43]} Bc3 {[%clk 0:05:08]} 0-1

[Event "Baku Chess Olympiad | Open"]
[Site "chess24.com"]
[Date "2016.09.12"]
[Round "10"]
[White "Rodshtein, Maxim"]
[Black "Dervishi, Erald"]
[Result "1-0"]
[Board "1"]
[WhiteID "2806851"]
[WhiteElo "2687"]
[WhiteTitle "GM"]
[WhiteCountry "ISR"]
[WhiteFideId "2806851"]
[WhiteEloChange "3"]
[BlackID "4700236"]
[BlackElo "2564"]
[BlackTitle "GM"]
[BlackCountry "ALB"]
[BlackFideId "4700236"]
[BlackEloChange "-3"]

1. d4 {[%clk 1:30:56]} Nf6 {[%clk 1:30:54]} 2. c4 {[%clk 1:31:08]} e6 {[%clk
1:31:19]} 3. Nc3 {[%clk 1:30:58]} d5 {[%clk 1:31:43]} 4. cxd5 {[%clk 1:31:16]}
exd5 {[%clk 1:32:06]} 5. Bg5 {[%clk 1:31:33]} Be7 {[%clk 1:32:29]} 6. e3 {[%clk
1:31:47]} O-O {[%clk 1:32:47]} 7. Bd3 {[%clk 1:31:52]} Nbd7 {[%clk 1:32:43]} 8.
Nge2 {[%clk 1:22:42]} Re8 {[%clk 1:32:34]} 9. O-O {[%clk 1:22:33]} c6 {[%clk
1:32:52]} 10. Qc2 {[%clk 1:22:38]} Nf8 {[%clk 1:33:04]} 11. Rad1 {[%clk 1:19:37]}
Be6 {[%clk 1:29:01]} 12. f3 {[%clk 1:19:16]} Rc8 {[%clk 1:29:02]} 13. Kh1 {[%clk
1:18:09]} a6 {[%clk 1:27:53]} 14. a3 {[%clk 1:02:02]} b5 {[%clk 1:26:37]} 15. Nf4
{[%clk 0:51:17]} h6 {[%clk 1:14:52]} 16. Bh4 {[%clk 0:49:03]} N6d7 {[%clk
1:12:18]} 17. Bxe7 {[%clk 0:43:36]} Rxe7 {[%clk 1:05:56]} 18. Qf2 {[%clk
0:40:23]} Nb6 {[%clk 1:02:37]} 19. Nce2 {[%clk 0:34:53]} Nc4 {[%clk 0:59:02]} 20.
Ng3 {[%clk 0:29:05]} g6 {[%clk 0:49:04]} 21. e4 {[%clk 0:23:21]} dxe4 {[%clk
0:44:57]} 22. fxe4 {[%clk 0:21:59]} Rd7 {[%clk 0:35:57]} 23. b3 {[%clk 0:13:47]}
Na5 {[%clk 0:22:16]} 24. d5 {[%clk 0:12:50]} Bg4 {[%clk 0:20:42]} 25. Rde1 {[%clk
0:11:54]} Nxb3 {[%clk 0:17:27]} 26. h3 {[%clk 0:11:45]} Qh4 {[%clk 0:17:56]} 27.
Bc2 {[%clk 0:10:15]} Na5 {[%clk 0:17:55]} 28. Kg1 {[%clk 0:10:37]} g5 {[%clk
0:17:10]} 29. Nd3 {[%clk 0:10:49]} cxd5 {[%clk 0:16:56]} 30. Ne5 {[%clk 0:11:01]}
Be6 {[%clk 0:10:38]} 31. Nxd7 {[%clk 0:10:44]} Nxd7 {[%clk 0:10:46]} 32. exd5
{[%clk 0:10:52]} Bxd5 {[%clk 0:11:09]} 33. Bf5 {[%clk 0:10:22]} 1-0

[Event "Baku Chess Olympiad | Open"]
[Site "chess24.com"]
[Date "2016.09.12"]
[Round "10"]
[White "Mehmeti, Dritan"]
[Black "Postny, Evgeny"]
[Result "1-0"]
[Board "2"]
[WhiteID "4700600"]
[WhiteElo "2415"]
[WhiteTitle "IM"]
[WhiteCountry "ALB"]
[WhiteFideId "4700600"]
[WhiteEloChange "8"]
[BlackID "2804344"]
[BlackElo "2619"]
[BlackTitle "GM"]
[BlackCountry "ISR"]
[BlackFideId "2804344"]
[BlackEloChange "-8"]

1. d4 {[%clk 1:30:54]} d5 {[%clk 1:30:54]} 2. Bg5 {[%clk 1:31:08]} h6 {[%clk
1:31:07]} 3. Bh4 {[%clk 1:31:05]} c5 {[%clk 1:31:26]} 4. e4 {[%clk 1:29:51]} dxe4
{[%clk 1:28:58]} 5. d5 {[%clk 1:30:13]} g5 {[%clk 1:25:34]} 6. Bg3 {[%clk
1:25:21]} Bg7 {[%clk 1:25:55]} 7. Nc3 {[%clk 1:25:21]} Nf6 {[%clk 1:17:24]} 8. f3
{[%clk 1:14:28]} Bf5 {[%clk 0:59:44]} 9. Qd2 {[%clk 1:09:19]} O-O {[%clk
0:59:05]} 10. O-O-O {[%clk 1:07:12]} Qb6 {[%clk 0:52:32]} 11. h4 {[%clk 1:00:48]}
g4 {[%clk 0:48:32]} 12. Bf4 {[%clk 0:51:42]} exf3 {[%clk 0:45:08]} 13. gxf3
{[%clk 0:46:14]} Nbd7 {[%clk 0:41:03]} 14. Nge2 {[%clk 0:39:22]} gxf3 {[%clk
0:33:52]} 15. Ng3 {[%clk 0:39:11]} Bg4 {[%clk 0:34:08]} 16. Bh3 {[%clk 0:37:31]}
h5 {[%clk 0:24:10]} 17. d6 {[%clk 0:23:30]} e6 {[%clk 0:11:54]} 18. Bh6 {[%clk
0:19:13]} Nh7 {[%clk 0:12:15]} 19. Nxh5 {[%clk 0:15:48]} Bxh5 {[%clk 0:11:34]}
20. Rhg1 {[%clk 0:11:49]} Bg6 {[%clk 0:11:25]} 21. h5 {[%clk 0:11:33]} f2 {[%clk
0:05:34]} 22. Rg2 {[%clk 0:09:33]} Ne5 {[%clk 0:04:34]} 23. hxg6 {[%clk 0:08:49]}
Nxg6 {[%clk 0:03:59]} 24. Rh1 {[%clk 0:05:12]} Be5 {[%clk 0:02:59]} 25. Bxe6
{[%clk 0:04:09]} Kh8 {[%clk 0:01:10]} 26. Bf5 {[%clk 0:03:03]} Rg8 {[%clk
0:01:11]} 27. d7 {[%clk 0:01:56]} Nh4 {[%clk 0:00:47]} 28. Rxf2 {[%clk 0:01:57]}
Nxf5 {[%clk 0:00:41]} 29. Rxf5 {[%clk 0:02:14]} Qe6 {[%clk 0:00:37]} 30. Rfh5
{[%clk 0:01:23]} Rad8 {[%clk 0:00:34]} 31. Bf4 {[%clk 0:01:01]} Rg7 {[%clk
0:00:32]} 32. Rxe5 {[%clk 0:00:54]} Qc6 {[%clk 0:00:58]} 33. Qd6 {[%clk 0:00:54]}
1-0